[Event "Xtracon Chess Open 2017"]
[Site "Helsingor DEN"]
[Date "2017.07.27"]
[Round "7.20"]
[White "Hobber, Anders"]
[Black "Tan, Justin2"]
[Result "1/2-1/2"]
[WhiteTitle "FM"]
[BlackTitle "IM"]
[WhiteElo "2278"]
[BlackElo "2462"]
[WhiteFideId "1505424"]
[BlackFideId "3206882"]
[EventDate "2017.07.22"]

1. d4 Nf6 2. Bf4 d5 3. e3 e6 4. Nd2 c5 5. c3 Nc6 6. Bd3 Bd6 7. Bxd6 Qxd6 8. f4
cxd4 9. cxd4 Bd7 10. a3 Ne7 11. Ngf3 Nf5 12. Qe2 Qb6 13. Rb1 O-O 14. Ne5 Nd6 15.
O-O Rfc8 16. Nxd7 Nxd7 17. Nf3 Nf6 18. Ne5 Nfe4 19. Rbc1 a5 20. Bxe4 dxe4 21.
Nd7 Qd8 22. Ne5 Rc7 23. Nc4 Rac8 24. Nxd6 Qxd6 25. Rxc7 Qxc7 26. Qb5 g6 27. d5
exd5 28. Qxd5 Qc2 29. Qxb7 Rd8 30. f5 gxf5 31. Qe7 Rd5 32. Qg5+ Kf8 33. b4 axb4
34. axb4 Qb3 1/2-1/2

[Event "Xtracon Chess Open 2017"]
[Site "Helsingor DEN"]
[Date "2017.07.27"]
[Round "7.21"]
[White "Goh, Wei Ming Kevin"]
[Black "Stojanovski, Sandi"]
[Result "1-0"]
[WhiteTitle "IM"]
[BlackTitle "FM"]
[WhiteElo "2446"]
[BlackElo "2268"]
[WhiteFideId "5800706"]
[BlackFideId "1403249"]
[EventDate "2017.07.22"]

1. e4 c5 2. Nf3 Nc6 3. Bb5 g6 4. O-O Bg7 5. Re1 Nf6 6. e5 Nd5 7. Nc3 Nc7 8. Bxc6
dxc6 9. Ne4 b6 10. Nf6+ Kf8 11. Ne4 h6 12. h3 Ne6 13. d3 Kg8 14. Be3 Nd4 15.
Nxd4 cxd4 16. Bf4 c5 17. Qf3 Be6 18. a3 Rc8 19. c4 dxc3 20. Nxc3 Kh7 21. Rad1
Qd7 22. d4 cxd4 23. Ne2 Qd5 24. Qg3 Rhd8 25. Nxd4 Rc4 26. Nxe6 Qxd1 27. Rxd1
Rxd1+ 28. Kh2 fxe6 29. Qb3 Rcd4 30. Bg3 h5 31. h4 Rd5 32. Qb4 Bf8 33. Qa4 R1d4
34. Qc6 Rc5 35. Qxe6 Kg7 36. f4 Rc2 37. f5 gxf5 38. Qxf5 Rdd2 39. e6 1-0

[Event "Xtracon Chess Open 2017"]
[Site "Helsingor DEN"]
[Date "2017.07.27"]
[Round "7.22"]
[White "Ranaldi, Lucas"]
[Black "Ikeda, Junta"]
[Result "0-1"]
[WhiteTitle "FM"]
[BlackTitle "IM"]
[WhiteElo "2269"]
[BlackElo "2427"]
[WhiteFideId "1519484"]
[BlackFideId "3204731"]
[EventDate "2017.07.22"]

1. Nf3 e6 2. c4 c5 3. g3 b6 4. Bg2 Bb7 5. O-O Nf6 6. Nc3 Be7 7. d4 cxd4 8. Qxd4
d6 9. Bg5 O-O 10. Rfd1 Ne8 11. Qh4 Nc6 12. Bxe7 Qxe7 13. Nb5 Qxh4 14. Nxh4 Na5
15. b4 Bxg2 16. bxa5 Bc6 17. Nxd6 bxa5 18. Nxe8 Rfxe8 19. Ng2 Rab8 20. Rab1 Rb4
21. Ne3 Reb8 22. Rxb4 axb4 23. Rd6 Rc8 24. f3 a5 25. Kf2 Kf8 26. Ke1 Ke7 27. Rd2
g5 28. Kd1 f5 29. Ke1 h5 30. f4 g4 31. Kf2 Be4 32. Rb2 Kd6 33. a3 Kc5 34. axb4+
axb4 35. Ke1 Ra8 36. Rd2 Ra1+ 37. Rd1 Ra2 38. Rd2 b3 39. Nd1 Ra1 40. Kf2 Rxd1 0-1

[Event "Xtracon Chess Open 2017"]
[Site "Helsingor DEN"]
[Date "2017.07.27"]
[Round "7.23"]
[White "Taylor, Adam C"]
[Black "Zude, Erik"]
[Result "1-0"]
[WhiteTitle "FM"]
[BlackTitle "IM"]
[WhiteElo "2265"]
[BlackElo "2421"]
[WhiteFideId "424668"]
[BlackFideId "4604644"]
[EventDate "2017.07.22"]

1. Nf3 Nf6 2. g3 g6 3. b3 Bg7 4. Bb2 c5 5. c4 d6 6. Bg2 e5 7. Nc3 O-O 8. O-O Nc6
9. Ne1 Be6 10. Nd5 Bxd5 11. cxd5 Ne7 12. e4 Nd7 13. d3 f5 14. f4 fxe4 15. dxe4
c4 16. Kh1 Qb6 17. Rb1 cxb3 18. axb3 exf4 19. Bxg7 Kxg7 20. gxf4 a5 21. Nf3 Qe3
22. Ng5 Rf6 23. Rf3 Qb6 24. Rh3 Nf8 25. Qc1 Rc8 26. Rc3 Rxc3 27. Qxc3 Qb4 28.
Qc7 Rf7 29. Nxf7 Kxf7 30. e5 Ke8 31. exd6 Nf5 32. Qc8+ Kf7 33. d7 1-0

[Event "Xtracon Chess Open 2017"]
[Site "Helsingor DEN"]
[Date "2017.07.27"]
[Round "7.24"]
[White "Lindgren, Philip"]
[Black "Kemarsky, Alexander"]
[Result "1-0"]
[WhiteTitle "IM"]
[WhiteElo "2420"]
[BlackElo "2150"]
[WhiteFideId "1713230"]
[BlackFideId "2814196"]
[EventDate "2017.07.22"]

1. d4 Nf6 2. c4 c5 3. d5 b5 4. cxb5 a6 5. bxa6 g6 6. Nc3 d6 7. e4 Bg7 8. Bb5+
Nbd7 9. Nf3 Bxa6 10. Bxa6 Rxa6 11. O-O O-O 12. Qc2 Qb6 13. Rb1 Ng4 14. Nd2 Rb8
15. h3 Nge5 16. b3 Qb4 17. Ne2 Qb5 18. Nf4 Nb6 19. a4 Qd7 20. Bb2 h5 21. Nd3
Nxd3 22. Qxd3 Ra7 23. Bxg7 Kxg7 24. Rbc1 Qb7 25. Rc3 Rf8 26. Qe2 f5 27. Rg3 h4
28. Rg5 Qd7 29. Nf3 fxe4 30. Nxh4 Rf6 31. Qxe4 Qe8 32. f4 Qf7 33. g3 Rb7 34. Qd3
Rb8 35. a5 Nd7 36. Qc3 Kh7 37. f5 gxf5 38. Rfxf5 Ne5 39. Rh5+ Kg8 40. Rfg5+ Ng6
41. Rxg6+ 1-0

[Event "Xtracon Chess Open 2017"]
[Site "Helsingor DEN"]
[Date "2017.07.27"]
[Round "7.25"]
[White "Halfhide, Sebastian"]
[Black "Haria, Ravi"]
[Result "1/2-1/2"]
[BlackTitle "FM"]
[WhiteElo "2253"]
[BlackElo "2417"]
[WhiteFideId "1045946"]
[BlackFideId "415820"]
[EventDate "2017.07.22"]

1. e4 e6 2. d4 d5 3. Nd2 Nc6 4. Ngf3 Nf6 5. e5 Nd7 6. Bd3 Nb4 7. Be2 c5 8. c3
Nc6 9. O-O Qb6 10. Nb3 a5 11. dxc5 Nxc5 12. Be3 a4 13. Nbd4 Nxd4 14. cxd4 Ne4
15. Bd3 Bd7 16. Nd2 Nxd2 17. Qxd2 Bb5 18. b3 a3 19. Rac1 Bxd3 20. Qxd3 Be7 21.
Rc2 O-O 22. Rfc1 f6 23. g3 Rae8 24. Kg2 Rf7 25. Rc7 Ref8 26. R1c2 Bd8 27. Rxf7
Rxf7 28. Rc8 Rf8 29. exf6 Bxf6 30. Rxf8+ Kxf8 31. Qxh7 Bxd4 32. Qh8+ Kf7 33.
Qh5+ Kf8 34. Qh8+ 1/2-1/2

[Event "Xtracon Chess Open 2017"]
[Site "Helsingor DEN"]
[Date "2017.07.27"]
[Round "7.26"]
[White "Das, Arghyadip"]
[Black "Hartung-Nielsen, Jens"]
[Result "1-0"]
[WhiteTitle "IM"]
[WhiteElo "2416"]
[BlackElo "2175"]
[WhiteFideId "5003610"]
[BlackFideId "1400690"]
[EventDate "2017.07.22"]

1. e4 d5 2. exd5 Nf6 3. d4 Bg4 4. Nf3 Qxd5 5. Be2 Nc6 6. h3 Bh5 7. c4 Qd7 8. g4
Bg6 9. d5 Nb4 10. Ne5 Qd6 11. Nxg6 hxg6 12. Nc3 c6 13. Be3 Na6 14. Qb3 Qb4 15.
dxc6 bxc6 16. Bf3 Rc8 17. Bxa7 e6 18. Be3 Qxb3 19. axb3 Nb4 20. Ke2 Be7 21. Ra7
Nd7 22. Rd1 Rd8 23. Bg2 Bf6 24. Ne4 Be7 25. Nd6+ Bxd6 26. Rxd6 c5 27. Bg5 f6 28.
Be3 Rf8 29. Rxe6+ Kf7 30. Rd6 Ke7 31. Bxc5 1-0

[Event "Xtracon Chess Open 2017"]
[Site "Helsingor DEN"]
[Date "2017.07.27"]
[Round "7.27"]
[White "Chittka, Julius"]
[Black "Getz, Nicolai"]
[Result "0-1"]
[BlackTitle "IM"]
[WhiteElo "2137"]
[BlackElo "2415"]
[WhiteFideId "12954772"]
[BlackFideId "1505572"]
[EventDate "2017.07.22"]

1. d4 Nf6 2. c4 g6 3. Nc3 Bg7 4. e4 d6 5. Be2 O-O 6. Nf3 e5 7. Be3 Ng4 8. Bg5 f6
9. Bh4 g5 10. Bg3 Nh6 11. c5 Nc6 12. cxd6 cxd6 13. dxe5 dxe5 14. Bc4+ Kh8 15.
Qxd8 Rxd8 16. h3 Ng8 17. O-O Na5 18. Bd5 Ne7 19. Rac1 Bd7 20. Rfd1 Nxd5 21. Nxd5
Nc6 22. b4 Be8 23. b5 Na5 24. a4 Bf7 25. Rc7 Bg8 26. Ne1 Rac8 27. Rdc1 Rxc7 28.
Rxc7 Bxd5 29. exd5 Kg8 30. f3 Rxd5 31. Bf2 Rd1 32. Kf1 Bf8 33. Bxa7 Bb4 34. Bf2
Ra1 35. Ke2 Ra2+ 36. Ke3 Bd6 37. Rc8+ Kf7 38. Nd3 Rxa4 39. Rh8 Nc4+ 40. Ke4 Bf8
41. Rxh7+ Kg6 42. Rc7 Nb6+ 0-1

[Event "Xtracon Chess Open 2017"]
[Site "Helsingor DEN"]
[Date "2017.07.27"]
[Round "7.28"]
[White "Schroeder, Jan-Christian"]
[Black "Jorgensen, Dennis"]
[Result "1-0"]
[WhiteTitle "GM"]
[WhiteElo "2539"]
[BlackElo "2197"]
[WhiteFideId "24662259"]
[BlackFideId "1408380"]
[EventDate "2017.07.22"]

1. e4 c6 2. Nf3 d5 3. Nc3 dxe4 4. Nxe4 Nf6 5. Qe2 Bf5 6. Nxf6+ gxf6 7. d3 Nd7 8.
g3 Ne5 9. Nxe5 Qa5+ 10. Bd2 Qxe5 11. Qxe5 fxe5 12. Bg2 Bg7 13. O-O O-O 14. Rae1
Rfe8 15. a4 Rad8 16. Ba5 Rc8 17. Bc3 f6 18. f4 exf4 19. Rxf4 Bg6 20. Bh3 Rc7 21.
a5 Bf7 22. Bf5 Bg6 23. Be6+ Bf7 24. Rfe4 Bxe6 25. Rxe6 Kf7 26. Kg2 c5 27. g4 Rd8
28. a6 b6 29. h4 Rd5 30. Kg3 Bf8 31. b3 b5 32. Kf4 Bh6+ 33. g5 fxg5+ 34. Kg4 Bf8
35. hxg5 Rcd7 36. Rc6 R7d6 37. Rf1+ Ke8 38. Rc8+ Rd8 39. Rxd8+ Rxd8 40. Rh1 Rd6
41. Rxh7 Rxa6 42. Kf5 c4 43. g6 cxd3 44. cxd3 Kd7 45. Rh8 e6+ 46. Ke4 1-0

[Event "Xtracon Chess Open 2017"]
[Site "Helsingor DEN"]
[Date "2017.07.27"]
[Round "7.29"]
[White "Sonis, Francesco"]
[Black "Schroeder, Christoph"]
[Result "1-0"]
[WhiteTitle "IM"]
[WhiteElo "2440"]
[BlackElo "2196"]
[WhiteFideId "895733"]
[BlackFideId "4605250"]
[EventDate "2017.07.22"]

1. Nf3 d5 2. g3 Nf6 3. Bg2 c5 4. c4 d4 5. b4 cxb4 6. a3 b3 7. Qxb3 Nc6 8. d3 e5
9. Nbd2 Be7 10. O-O O-O 11. a4 Nd7 12. Ba3 Nc5 13. Qc2 Rb8 14. Rfb1 Qc7 15. Nb3
Na6 16. Bxe7 Qxe7 17. Qd2 Bd7 18. a5 h6 19. Re1 Rfe8 20. Rab1 Rbd8 21. Qc1 Bc8
22. Nfd2 Kh8 23. c5 Be6 24. Ne4 Qc7 25. Nd6 Re7 26. Qa3 Nab4 27. Rec1 Nd5 28.
Nb5 Qc8 29. Nd2 Nc3 30. Nxc3 dxc3 31. Ne4 Qc7 32. Qxc3 Qxa5 33. Qb2 Bd5 34. Nd6
Bxg2 35. Kxg2 Rb8 36. Qb3 Qc7 37. Qd5 Nd8 38. Nb5 Qc6 39. e4 a6 40. Nd6 Qa4 41.
Rc4 Qc6 42. Rb6 Qc7 43. Rcb4 Kg8 44. Nf5 Re8 45. Nd6 Re7 46. Rb1 Kh7 47. h4 Kg8
48. h5 Kh7 49. Kh2 Kg8 50. f4 exf4 51. d4 fxg3+ 52. Kxg3 Rd7 53. e5 Ne6 54. Rf1
Qd8 55. Rf5 Qe7 56. Qc4 Rf8 57. d5 Ng5 58. Qd4 Qd8 59. Kg2 Qe7 60. Rf2 Nh7 61.
Qe3 Qh4 62. Qh3 Qg5+ 63. Qg3 Qxh5 64. Rxb7 Rxb7 65. Nxb7 Ng5 66. Nd6 Qd1 67. Qe3
Qxd5+ 68. Kh2 Rb8 69. Nf5 Qd1 70. e6 Nxe6 71. Nxh6+ gxh6 72. Qg3+ Ng5 73. Qxb8+
Kh7 74. Qf4 Qh5+ 75. Kg2 Qh3+ 76. Kg1 Qe6 77. Qf5+ Kg7 78. Qxe6 Nxe6 79. c6 Kf8
80. Rc2 Nc7 81. Re2 a5 82. Kf2 a4 83. Ke1 a3 84. Kd1 a2 85. Rxa2 Ke7 86. Rd2 h5
87. Rd7+ 1-0

[Event "Xtracon Chess Open 2017"]
[Site "Helsingor DEN"]
[Date "2017.07.27"]
[Round "7.30"]
[White "Percivaldi, Martin"]
[Black "Andersen, Morten"]
[Result "1/2-1/2"]
[WhiteTitle "IM"]
[WhiteElo "2433"]
[BlackElo "2193"]
[WhiteFideId "1508148"]
[BlackFideId "1504908"]
[EventDate "2017.07.22"]

1. Nf3 d5 2. g3 Bg4 3. Bg2 Nd7 4. h3 Bf5 5. c4 e6 6. Nc3 c6 7. d4 h6 8. O-O Ngf6
9. Qb3 Qb6 10. c5 Qa6 11. Re1 b6 12. cxb6 Qxb6 13. Nd2 Qxd4 14. e4 Bc5 15. Re2
Rb8 16. Qa4 dxe4 17. Qxc6 O-O 18. Nb3 Qc4 19. Nxc5 Nxc5 20. Be3 Rfc8 21. Qd6 Na4
22. Bf1 Nxc3 23. bxc3 Qxc3 24. Rc1 Qd3 25. Rxc8+ Rxc8 26. Rd2 Qb1 27. Qa6 e5 28.
g4 Be6 29. Kg2 Kh7 30. Qb5 Qxb5 31. Bxb5 Nd5 32. Bxa7 Ra8 33. Be3 Nxe3+ 34. fxe3
Rxa2 35. Rxa2 Bxa2 36. Bc6 Bb1 37. Bd5 Kg8 38. Kg3 g5 39. Bb7 Kf8 40. Kf2 Ke7
41. Bc6 Bc2 42. Kg3 Kd6 43. Bb7 Kc5 44. Kf2 Kb4 45. Bd5 f6 46. Bc6 Bd3 47. Bb7
Kc5 48. Ba8 Kd6 49. Bb7 Bb5 50. Bxe4 Bc6 51. Bf5 e4 52. Kg3 Ke5 53. Bg6 Bd7 54.
Bf7 f5 55. gxf5 Bxf5 56. h4 1/2-1/2

[Event "Xtracon Chess Open 2017"]
[Site "Helsingor DEN"]
[Date "2017.07.27"]
[Round "7.31"]
[White "Jepson, Christian"]
[Black "Olsen, Filip Boe"]
[Result "1/2-1/2"]
[WhiteTitle "IM"]
[BlackTitle "FM"]
[WhiteElo "2421"]
[BlackElo "2189"]
[WhiteFideId "1701185"]
[BlackFideId "1440640"]
[EventDate "2017.07.22"]

1. c4 c6 2. Nf3 d5 3. e3 Nf6 4. Nc3 Bf5 5. cxd5 cxd5 6. Qb3 Bc8 7. Bb5+ Nc6 8.
Ne5 Qd6 9. d4 e6 10. e4 Bd7 11. Nxd7 Nxd7 12. exd5 Nxd4 13. Qa4 Nxb5 14. Qxb5 a6
15. Qe2 Nb6 16. dxe6 Qxe6 17. Qxe6+ fxe6 18. Ke2 Be7 19. Rd1 Rd8 20. Be3 Nc4 21.
Ne4 Nxe3 22. Kxe3 O-O 23. Rxd8 Rxd8 24. Rc1 Rd7 25. Rc4 Kf7 26. g3 h6 27. h4 Bf6
28. b3 Ke7 29. a4 Kf7 30. f3 Be7 31. h5 b5 32. Rc6 bxa4 33. bxa4 a5 34. g4 Rb7
35. Nd6+ Bxd6 36. Rxd6 Rb4 37. Rd4 Rb3+ 38. Rd3 Rb4 39. Rd4 Rb3+ 40. Rd3 Rb4 41.
Rd4 Rb3+ 1/2-1/2

[Event "Xtracon Chess Open 2017"]
[Site "Helsingor DEN"]
[Date "2017.07.27"]
[Round "7.32"]
[White "Kaasen, Tor Fredrik"]
[Black "Issakainen, Ari"]
[Result "1-0"]
[WhiteTitle "FM"]
[WhiteElo "2409"]
[BlackElo "2168"]
[WhiteFideId "1516647"]
[BlackFideId "500330"]
[EventDate "2017.07.22"]

1. c4 e5 2. g3 Nf6 3. Bg2 d5 4. cxd5 Nxd5 5. Nf3 Nc6 6. O-O Nb6 7. b3 Bd6 8. Bb2
O-O 9. Nc3 Re8 10. Rc1 Bg4 11. d3 f5 12. Nd2 Nb4 13. Nc4 Nxc4 14. bxc4 Nc6 15.
c5 Bf8 16. Qb3+ Kh8 17. Qxb7 Rb8 18. Qxc6 Rxb2 19. Rb1 Rc2 20. Rfc1 Rxc1+ 21.
Rxc1 f4 22. Nd5 fxg3 23. hxg3 Bxe2 24. Nxc7 Re7 25. Ne6 Qb8 26. Nxf8 Qxf8 27.
Qd6 Bg4 28. Re1 Qe8 29. Bc6 Bd7 30. Bxd7 Rxd7 31. Qxe5 Qg8 32. d4 h6 33. c6 Rd8
34. c7 Rf8 35. Qe6 1-0

[Event "Xtracon Chess Open 2017"]
[Site "Helsingor DEN"]
[Date "2017.07.27"]
[Round "7.33"]
[White "Aabling-Thomsen, Jakob"]
[Black "Petersen, Peter Birk"]
[Result "1-0"]
[WhiteTitle "IM"]
[WhiteElo "2391"]
[BlackElo "2179"]
[WhiteFideId "1407589"]
[BlackFideId "1401696"]
[EventDate "2017.07.22"]

1. d4 g6 2. e4 Bg7 3. Nf3 d6 4. c4 e5 5. Bg5 f6 6. Be3 Nh6 7. h3 O-O 8. Nc3 Nc6
9. d5 Ne7 10. g4 Nf7 11. Rg1 Kh8 12. h4 f5 13. gxf5 gxf5 14. Bd3 f4 15. Bd2 a6
16. Ng5 Nh6 17. Qf3 Rg8 18. O-O-O Qf8 19. Rg2 Bd7 20. Kb1 Ng6 21. Qh5 Qf6 22.
Rdg1 Nf8 23. Qd1 Ng6 24. h5 Ne7 25. Qb3 b6 26. Be2 Nef5 27. exf5 Nxf5 28. Nce4
Qe7 29. Bg4 Bh6 30. Ne6 Bxe6 31. dxe6 Qxe6 32. Qh3 Rgf8 33. Bxf5 Rxf5 34. Rg6
hxg6 35. Rxg6 Qf7 36. Rxh6+ Kg7 37. Rg6+ Kh7 38. Qg4 Rf8 39. f3 b5 40. Ba5 bxc4
41. Bxc7 1-0

[Event "Xtracon Chess Open 2017"]
[Site "Helsingor DEN"]
[Date "2017.07.27"]
[Round "7.34"]
[White "Ezra, Paul Chambers"]
[Black "Miedema, David"]
[Result "0-1"]
[WhiteTitle "FM"]
[BlackTitle "IM"]
[WhiteElo "2162"]
[BlackElo "2373"]
[WhiteFideId "20300204"]
[BlackFideId "1018477"]
[EventDate "2017.07.22"]

1. e4 e6 2. d4 d5 3. Bd3 dxe4 4. Bxe4 Nf6 5. Bf3 Nbd7 6. Ne2 e5 7. Bg5 Be7 8.
Bxf6 Bxf6 9. Nbc3 exd4 10. Nxd4 Ne5 11. O-O Qxd4 0-1

[Event "Xtracon Chess Open 2017"]
[Site "Helsingor DEN"]
[Date "2017.07.27"]
[Round "7.35"]
[White "Haubro, Martin"]
[Black "Kardoeus, David"]
[Result "1/2-1/2"]
[WhiteTitle "IM"]
[WhiteElo "2365"]
[BlackElo "2165"]
[WhiteFideId "1414291"]
[BlackFideId "12912050"]
[EventDate "2017.07.22"]

1. e4 c5 2. Nf3 d6 3. d4 cxd4 4. Nxd4 Nf6 5. Nc3 a6 6. h3 e5 7. Nde2 h5 8. g3
Be6 9. Bg2 Nbd7 10. O-O b5 11. Be3 Be7 12. a4 b4 13. Nd5 Bxd5 14. exd5 h4 15. g4
Nh7 16. Qd2 a5 17. f4 O-O 18. fxe5 Nxe5 19. b3 Rc8 20. Nd4 Re8 21. Rf2 Bg5 22.
Bxg5 Nxg5 23. Rf5 f6 24. Nc6 Qb6+ 25. Kh1 Qc5 26. Rc1 Nxc6 27. dxc6 Qe3 28. Qd5+
Kh7 29. Rcf1 Ne4 30. R1f3 Ng3+ 31. Kh2 Qe1 32. Rxf6 Re2 33. Qd3+ Kg8 34. Qd5+
Kh7 35. Qd3+ Kg8 36. Qd5+ 1/2-1/2

[Event "Xtracon Chess Open 2017"]
[Site "Helsingor DEN"]
[Date "2017.07.27"]
[Round "7.36"]
[White "Brorsen, Jacob Abildlund"]
[Black "Hoi, Carsten"]
[Result "1-0"]
[BlackTitle "GM"]
[WhiteElo "2153"]
[BlackElo "2356"]
[WhiteFideId "1411233"]
[BlackFideId "1400100"]
[EventDate "2017.07.22"]

1. e4 g6 2. d4 Bg7 3. Nf3 c6 4. c4 d6 5. Be2 Bg4 6. Nc3 Nd7 7. O-O e5 8. d5 c5
9. a3 Ne7 10. Rb1 Bxf3 11. Bxf3 f5 12. b4 b6 13. Qd3 O-O 14. Bd2 Kh8 15. Rbe1
Ng8 16. Bd1 Bh6 17. Bxh6 Nxh6 18. Qh3 Kg7 19. Kh1 a6 20. Bc2 Rc8 21. b5 a5 22.
Re3 f4 23. Ree1 Nf7 24. Bd1 Nf6 25. Bg4 Ng5 26. Qh4 Nxg4 27. Qxg4 h5 28. Qh4 f3
29. g3 Kh6 30. Nd1 Qd7 31. Ne3 Nh7 32. g4 Rf4 33. Rg1 Nf6 34. Nf5+ gxf5 35.
Qxf6+ 1-0

[Event "Xtracon Chess Open 2017"]
[Site "Helsingor DEN"]
[Date "2017.07.27"]
[Round "7.37"]
[White "Sorensen, Hampus"]
[Black "Rietze, Clemens"]
[Result "1/2-1/2"]
[BlackTitle "FM"]
[WhiteElo "2137"]
[BlackElo "2343"]
[WhiteFideId "8703884"]
[BlackFideId "24620351"]
[EventDate "2017.07.22"]

1. d4 Nf6 2. Bg5 Ne4 3. Bf4 d5 4. e3 c5 5. Bd3 cxd4 6. exd4 Qb6 7. Nc3 Nxc3 8.
bxc3 Nc6 9. Ne2 g6 10. Qd2 Bd7 11. O-O Na5 12. Rab1 Qc6 13. c4 Nxc4 14. Bxc4
dxc4 15. d5 Qa6 16. Qc3 Rg8 17. Rfe1 g5 18. Bc7 Rg6 19. Nd4 Rc8 20. Bg3 Rc5 21.
Qf3 b5 22. Re5 Bg7 23. Re4 Qf6 24. Qa3 Qb6 25. Rbe1 Bf6 26. Be5 Kf8 27. Bxf6
Rxf6 28. Rxe7 b4 29. Qe3 Qd6 30. Rxd7 Qxd7 31. Ne6+ fxe6 1/2-1/2

[Event "Xtracon Chess Open 2017"]
[Site "Helsingor DEN"]
[Date "2017.07.27"]
[Round "7.38"]
[White "Petersen, Tom Petri"]
[Black "Klings, Peter"]
[Result "1/2-1/2"]
[WhiteTitle "FM"]
[WhiteElo "2338"]
[BlackElo "2146"]
[WhiteFideId "1403486"]
[BlackFideId "4631234"]
[EventDate "2017.07.22"]

1. d4 c5 2. c3 Nf6 3. Nf3 e6 4. Bf4 b6 5. Nbd2 cxd4 6. Nxd4 Nh5 7. Bxb8 Rxb8 8.
e4 g6 9. g3 Bb7 10. Bg2 Be7 11. O-O O-O 12. Bf3 e5 13. Nc2 Nf6 14. Ne3 d5 15.
exd5 Nxd5 16. Nxd5 Bxd5 17. Bxd5 Qxd5 18. Qe2 Rbd8 19. Rfd1 Qe6 20. Nc4 Bf6 21.
a4 Rfe8 22. Ne3 Bg5 23. h4 Bxe3 24. Qxe3 h5 25. a5 Rxd1+ 26. Rxd1 Kg7 27. axb6
axb6 28. Qe4 Qb3 29. Rd2 Re6 30. Kg2 Qa2 31. Qb4 Qa8+ 32. Kg1 Qa1+ 33. Kg2 Qa8+
34. Kh2 Qf3 35. Qc4 Qf6 36. Qe4 Qe7 37. Kg2 Qc7 38. Rd5 Qe7 39. Kh2 Kh7 40. Qe3
Qf6 41. b4 Qe7 42. b5 Kg7 43. c4 Qb4 44. Qe4 Qb2 45. Kg2 Rf6 46. Qe3 Re6 47. Rd2
Qb4 48. Qe2 Qc3 49. Qd3 Qb4 50. Qd5 Qb3 51. Rd3 Qb2 52. Re3 Rf6 53. Rf3 Rxf3 54.
Qxf3 Qd4 55. Qe3 Qd6 56. Qe4 Kf6 57. Qb7 Ke6 58. Qc8+ Ke7 59. Qb7+ Ke6 60. Qa8
Ke7 61. Qc8 Qd7 62. Qb8 Qd6 63. Qb7+ Ke6 64. Qe4 Qd4 65. Qc6+ Qd6 66. Qf3 Qd4
67. Qb3 Qc5 68. Kg1 Ke7 69. Kf1 Ke6 70. Ke2 Ke7 71. Qd3 Ke6 72. Qe4 Qd6 73. f4
Kf6 74. Qc6 Ke7 75. Qb7+ Kf6 76. Qc6 Ke7 77. Qe4 Kf6 78. Qd5 Qe6 79. Kf3 Kf5 80.
Qxe6+ Kxe6 81. Ke3 Kd6 82. fxe5+ Kxe5 83. Kd3 Kd6 84. Kd4 f6 85. c5+ bxc5+ 86.
Kc4 g5 87. b6 Kc6 88. b7 Kxb7 89. Kxc5 gxh4 90. gxh4 Kc7 91. Kd5 Kd7 92. Ke4 Ke6
93. Kf4 Kf7 1/2-1/2

[Event "Xtracon Chess Open 2017"]
[Site "Helsingor DEN"]
[Date "2017.07.27"]
[Round "7.39"]
[White "Bjerre, Jonas Buhl"]
[Black "Nilsson, Patrik1"]
[Result "1/2-1/2"]
[WhiteTitle "FM"]
[WhiteElo "2330"]
[BlackElo "2152"]
[WhiteFideId "1444948"]
[BlackFideId "1708171"]
[EventDate "2017.07.22"]

1. e4 e6 2. d4 d5 3. Nd2 c5 4. exd5 exd5 5. Ngf3 a6 6. dxc5 Bxc5 7. Nb3 Bb6 8.
Bd3 Qe7+ 9. Qe2 Bg4 10. O-O Qxe2 11. Bxe2 Nf6 12. h3 Bh5 13. Nfd4 Bxe2 14. Re1
Nc6 15. Rxe2+ Kd7 16. Be3 Rhe8 17. Rd1 Ne5 18. Rde1 Nc4 19. Bc1 Ne4 20. g4 g6
21. Kg2 Ned2 22. Nxd2 Nxd2 23. Rd1 Nc4 24. b3 Nd6 25. Bb2 Rxe2 26. Nxe2 Rc8 27.
Rxd5 Rxc2 28. Be5 Bc7 29. Nc3 Ke6 30. Bxd6 Bxd6 31. Rd3 1/2-1/2

[Event "Xtracon Chess Open 2017"]
[Site "Helsingor DEN"]
[Date "2017.07.27"]
[Round "7.40"]
[White "Skjoldager, Per"]
[Black "Haug, Johannes"]
[Result "0-1"]
[BlackTitle "FM"]
[WhiteElo "2126"]
[BlackElo "2328"]
[WhiteFideId "1408828"]
[BlackFideId "1509268"]
[EventDate "2017.07.22"]

1. e4 e6 2. d4 d5 3. Nc3 Bb4 4. e5 c5 5. a3 Ba5 6. b4 cxd4 7. Nb5 Bc7 8. f4 Bd7
9. Nf3 Bxb5 10. Bxb5+ Nc6 11. Nxd4 Ne7 12. Be3 O-O 13. Nxc6 Nxc6 14. Bc5 Ne7 15.
O-O Bb6 16. Bf2 Bxf2+ 17. Rxf2 Qb6 18. Bd3 a5 19. Rb1 axb4 20. Rxb4 Qc7 21. Rb3
g6 22. h4 Ra7 23. Kh2 Rfa8 24. Qb1 Nc6 25. Qb2 Qe7 26. g3 Nd8 27. h5 Rxa3 28.
hxg6 hxg6 29. Rb5 Ra1 30. Rf1 Rxf1 31. Bxf1 Kg7 32. Bd3 Ra7 33. Kg2 Nc6 34. Rb6
Qc7 35. Kh3 Nb8 36. Qb4 Nc6 37. Qb2 Qc8 38. Kg2 Qa8 39. Qb5 Ra5 40. Qb2 Ra2 41.
Qb5 Ra7 42. Qb2 Qc8 43. Kh2 Ne7 44. Kg2 Nf5 45. Bxf5 gxf5 46. Qb3 Ra5 47. Rxb7
Rc5 48. Rb8 Qc6 49. Qf3 Rxc2+ 50. Kh3 Rc1 51. Rb2 Qc4 52. Kh4 Qc8 53. Kh3 Qh8+ 0-1

[Event "Xtracon Chess Open 2017"]
[Site "Helsingor DEN"]
[Date "2017.07.27"]
[Round "7.41"]
[White "Kvamme, John A"]
[Black "Tryggestad, Andreas Garberg"]
[Result "1-0"]
[BlackTitle "FM"]
[WhiteElo "2116"]
[BlackElo "2324"]
[WhiteFideId "1500562"]
[BlackFideId "1513338"]
[EventDate "2017.07.22"]

1. Nf3 Nf6 2. g3 g6 3. b3 b6 4. Bg2 Bb7 5. O-O Bg7 6. Bb2 O-O 7. c4 d6 8. Nc3 e5
9. d3 Nbd7 10. Qc2 Ne8 11. e3 f5 12. d4 e4 13. Nd2 c5 14. Ne2 Qe7 15. dxc5 dxc5
16. Bxg7 Nxg7 17. Nf4 Ne5 18. Rad1 Rad8 19. Nb1 g5 20. Nd5 Bxd5 21. Rxd5 Rxd5
22. cxd5 Rd8 23. Nc3 g4 24. Rd1 Ne8 25. Ne2 Nf6 26. Nf4 Ng6 27. Bf1 Rd6 28. b4
cxb4 29. Qc8+ Kf7 30. Qxf5 Qd7 31. Qg5 Nxf4 32. Qxf4 a5 33. h3 h5 34. Rd4 Ke7
35. Qe5+ Kd8 36. hxg4 hxg4 37. Bb5 Qe7 38. Qf4 Kc7 39. Rc4+ Kb7 40. Rc6 Ne8 41.
Qxg4 Nc7 42. Rxd6 Qxd6 43. Bc6+ Kb8 44. Qg8+ Ka7 45. Qc8 1-0